[Event "Gibraltar Open"]
[Site "Caleta ENG"]
[Date "2012.01.26"]
[Round "3.73"]
[White "Isherwood, Paul"]
[Black "Coleman, Teddy"]
[Result "1/2-1/2"]
[BlackTitle "FM"]
[WhiteElo "2042"]
[BlackElo "2356"]
[WhiteFideId "410314"]
[BlackFideId "2022010"]
[EventDate "2012.01.24"]

1. e4 c5 2. Nf3 e6 3. c3 Nf6 4. e5 Nd5 5. d4 cxd4 6. Bc4 Nb6 7. Bb3 d6 8. cxd4
dxe5 9. Nxe5 Nc6 10. Nf3 Be7 11. O-O Bf6 12. Be3 Na5 13. Nc3 O-O 14. Bc2 Nac4
15. Ne4 Be7 16. Bg5 Nxb2 17. Qc1 N2c4 18. Bd3 Nd6 19. Bxe7 Qxe7 20. Qc5 Rd8 21.
Nxd6 Qxd6 22. Qh5 g6 23. Qh4 Bd7 24. Ng5 h5 25. Ne4 Qf8 26. Nf6+ Kh8 27. Nxh5
Qh6 28. Qf6+ Kg8 29. Nf4 Qg7 30. Qxg7+ Kxg7 31. Be4 Bc6 32. Bxc6 bxc6 33. Ne2
Rd5 34. Rfc1 Rc8 35. a4 a5 36. Rab1 Nxa4 37. Rc4 c5 38. Rxa4 cxd4 39. Rxd4 Re5
40. Kf1 Rc2 41. Nc1 Rf5 42. Nd3 Rd2 43. Rb2 Rfxf2+ 44. Nxf2 Rxd4 45. Ra2 Rd5 46.
Ke2 e5 47. Nd1 Rc5 48. Kd3 Rd5+ 49. Ke2 Rc5 50. Kd3 Rd5+ 51. Ke2 Rc5 1/2-1/2

[Event "Gibraltar Open"]
[Site "Caleta ENG"]
[Date "2012.01.26"]
[Round "3.74"]
[White "Peek, Marcel"]
[Black "Lam, Daniel King-wai"]
[Result "1/2-1/2"]
[WhiteTitle "IM"]
[WhiteElo "2354"]
[BlackElo "2022"]
[WhiteFideId "1000462"]
[BlackFideId "6001238"]
[EventDate "2012.01.24"]

1. d4 g6 2. Nf3 Bg7 3. c4 d6 4. e4 Bg4 5. Be2 Nc6 6. Be3 Bxf3 7. Bxf3 e5 8. d5
Nce7 9. Nc3 f5 10. g3 Nf6 11. h4 O-O 12. h5 gxh5 13. Qd2 f4 14. gxf4 exf4 15.
Bxf4 Ng6 16. Bg5 Ne5 17. Be2 Qe8 18. f3 Nfd7 19. Rh3 Nb6 20. b3 Ng6 21. O-O-O
Qe5 22. Kc2 Nf4 23. Bxf4 Rxf4 24. Rxh5 Qxh5 25. Qxf4 Rf8 26. Qg3 Qh6 27. Rg1 Kh8
28. Qg5 Qxg5 29. Rxg5 a6 30. Nd1 Nd7 31. Rg3 Be5 32. Rg2 Bd4 33. Kd2 Ne5 34. Rg3
Ng6 35. Ne3 Be5 36. Rg4 Bf4 37. Bd1 Ne5 38. Rg2 Bh6 39. Rg3 Bf4 40. Rg2 Bh6 41.
Rh2 Bg5 42. Rh3 Ng6 43. Rg3 Bh6 44. Ke2 Nf4+ 45. Kf1 Nh5 46. Rh3 Bxe3 47. Rxh5
Bf4 48. Kf2 Kg7 49. Be2 Kg6 50. Rh1 h5 51. Bf1 Rh8 52. Bh3 h4 53. Rg1+ Bg3+ 54.
Ke3 Kf6 55. f4 b6 56. Rf1 Re8 57. Kd4 Kg7 58. Be6 Rf8 59. Ke3 Kg6 60. Bg4 a5 61.
Bf5+ Kf6 62. Kf3 Rg8 63. Be6 Re8 64. a3 Rd8 65. Bg4 Ke7 66. Rc1 Ra8 67. Bf5 Rg8
68. Rc2 Ra8 69. Re2 Rf8 70. Rc2 Ra8 71. Rc3 Rg8 72. Re3 Kf6 73. Bg4 Rd8 74. Be6
Rf8 75. Rc3 Ke7 76. Bf5 Rg8 77. Rc2 Ra8 1/2-1/2

[Event "Gibraltar Open"]
[Site "Caleta ENG"]
[Date "2012.01.26"]
[Round "3.75"]
[White "Nilsson, Lars Kjoller"]
[Black "Schiendorfer, Emanuel"]
[Result "1-0"]
[BlackTitle "FM"]
[WhiteElo "2036"]
[BlackElo "2354"]
[WhiteFideId "1402544"]
[BlackFideId "1309889"]
[EventDate "2012.01.24"]

1. e4 c5 2. Nf3 d6 3. d4 cxd4 4. Nxd4 Nf6 5. Nc3 a6 6. h3 e6 7. g4 Be7 8. Bg2
Nfd7 9. O-O Nc6 10. Be3 O-O 11. Qd2 Nde5 12. b3 Nxd4 13. Bxd4 Ng6 14. Ne2 Nh4
15. Bh1 f5 16. exf5 Kh8 17. fxe6 Nf3+ 18. Bxf3 Rxf3 19. Ng3 Bxe6 20. Rfe1 Bg5
21. Qd1 Rxg3+ 22. fxg3 Qd7 23. Qf3 h5 24. Qe4 Bf7 25. Qf5 Qxf5 26. gxf5 Bd5 27.
c4 Bc6 28. h4 Bh6 29. Re6 Kg8 30. Rxd6 Re8 31. Kf2 Rf8 32. f6 1-0

[Event "Gibraltar Open"]
[Site "Caleta ENG"]
[Date "2012.01.26"]
[Round "3.76"]
[White "Palencia, Wilson"]
[Black "Pietinen, Pekka"]
[Result "1-0"]
[WhiteTitle "IM"]
[WhiteElo "2324"]
[BlackElo "2008"]
[WhiteFideId "4401859"]
[BlackFideId "502545"]
[EventDate "2012.01.24"]

1. e4 e5 2. Nf3 Nc6 3. Bb5 a6 4. Ba4 Nf6 5. Bxc6 dxc6 6. d3 Nd7 7. Nbd2 f6 8.
Nc4 Nb6 9. Nfxe5 fxe5 10. Qh5+ Kd7 11. Nxe5+ Ke6 12. Qf5+ 1-0

[Event "Gibraltar Open"]
[Site "Caleta ENG"]
[Date "2012.01.26"]
[Round "3.77"]
[White "Montero Melendez, Rafael"]
[Black "Spanton, Tim R"]
[Result "1-0"]
[WhiteElo "2303"]
[BlackElo "1984"]
[WhiteFideId "2221772"]
[BlackFideId "404802"]
[EventDate "2012.01.24"]

1. c4 c5 2. g3 g6 3. Bg2 Bg7 4. Nc3 Nc6 5. Nf3 Nf6 6. d4 cxd4 7. Nxd4 O-O 8. O-O
Nxd4 9. Qxd4 d6 10. Qd3 Rb8 11. Be3 Qa5 12. Qd2 Be6 13. b3 Rfc8 14. Rac1 a6 15.
Ba7 b5 16. Bxb8 Rxb8 17. cxb5 axb5 18. Rfd1 Ng4 19. Nd5 Qa7 20. e3 Bxd5 21. Bxd5
Bh6 22. Re1 e6 23. Bg2 d5 24. Rc2 e5 25. Bxd5 1-0

[Event "Gibraltar Open"]
[Site "Caleta ENG"]
[Date "2012.01.26"]
[Round "3.78"]
[White "Campos Calvo-Sotelo, Juan"]
[Black "Georgiadis, Nico"]
[Result "0-1"]
[BlackTitle "FM"]
[WhiteElo "2028"]
[BlackElo "2291"]
[WhiteFideId "2251540"]
[BlackFideId "1300113"]
[EventDate "2012.01.24"]

1. b4 e5 2. a3 d5 3. e3 Bd6 4. c4 c6 5. Bb2 Nf6 6. Nf3 Qe7 7. Nc3 d4 8. Ne2 O-O
9. c5 Bc7 10. Ng3 Rd8 11. Qb3 b6 12. cxb6 axb6 13. Rc1 c5 14. Bc4 h6 15. O-O e4
16. Nh4 Ng4 17. Ng6 Qf6 18. f3 b5 19. Bd5 Nxh2 20. fxe4 Nxf1 21. Rxf1 c4 22.
Rxf6 cxb3 23. Rxf7 Rxd5 24. Rxc7 Na6 25. Ne7+ Kf7 26. Nxd5+ Nxc7 27. Nxc7 dxe3
28. d4 Rb8 29. d5 Bg4 30. Kf1 Ke7 31. Nf5+ Bxf5 32. exf5 Kd6 33. Ne6 Kxd5 34.
Ke2 Rc8 35. Nc5 Rf8 36. g4 h5 37. f6 gxf6 38. gxh5 Rh8 39. Nd7 Ke6 40. Nxf6 Rc8
41. Kxe3 Rc2 42. Bd4 b2 43. Bxb2 Rxb2 44. Ne8 Rc2 45. h6 Rc8 46. Ng7+ Ke5 47.
Kd3 Rh8 48. Kc3 Rxh6 49. Ne8 Rh7 0-1

[Event "Gibraltar Open"]
[Site "Caleta ENG"]
[Date "2012.01.26"]
[Round "3.79"]
[White "Mortensen, Henrik"]
[Black "Rodriguez Lopez, Rafael"]
[Result "0-1"]
[BlackTitle "IM"]
[WhiteElo "2012"]
[BlackElo "2287"]
[WhiteFideId "1401424"]
[BlackFideId "2204495"]
[EventDate "2012.01.24"]

1. e4 c5 2. Nf3 d6 3. d4 cxd4 4. Nxd4 Nf6 5. Nc3 a6 6. Be2 e5 7. Nb3 Be7 8. O-O
O-O 9. Be3 Be6 10. f4 exf4 11. Bxf4 Nc6 12. Kh1 d5 13. exd5 Nxd5 14. Nxd5 Qxd5
15. Bf3 Qc4 16. Bg3 Rfd8 17. Qe2 Qxe2 18. Bxe2 Nb4 19. c4 Rac8 20. c5 Bxb3 21.
axb3 Rxc5 22. Bc4 Bf6 23. Rad1 Rcc8 24. Rxd8+ Rxd8 25. Bc7 Rd7 26. Ba5 Nc6 27.
Bc3 Bxc3 28. bxc3 Na5 29. Re1 Kf8 30. Kg1 Nxc4 31. bxc4 Re7 32. Rb1 Ke8 33. c5
Rc7 34. Rb6 Kd7 35. c6+ bxc6 36. Rxa6 Kd6 37. Kf2 Kc5 38. Ra4 Rb7 39. Rh4 h6 40.
Rg4 g5 41. Rg3 Rd7 42. Rf3 Rd2+ 43. Kg3 Rc2 44. Rxf7 Rxc3+ 45. Kg4 Rd3 46. g3
Rd6 47. h4 gxh4 48. gxh4 Kd4 49. h5 c5 50. Rf1 c4 51. Rd1+ Kc5 52. Rc1 Rf6 53.
Rd1 c3 54. Re1 Kc4 0-1

[Event "Gibraltar Open"]
[Site "Caleta ENG"]
[Date "2012.01.26"]
[Round "3.81"]
[White "Tabatt, Hendrik"]
[Black "Mihajlov, Sebastian"]
[Result "1-0"]
[WhiteElo "2281"]
[BlackElo "1974"]
[WhiteFideId "4653572"]
[BlackFideId "1512110"]
[EventDate "2012.01.24"]

1. d4 d5 2. Nf3 Nf6 3. c4 c6 4. e3 e6 5. Bd3 Nbd7 6. Nbd2 Bd6 7. O-O O-O 8. e4
dxe4 9. Nxe4 Nxe4 10. Bxe4 h6 11. Re1 e5 12. Bc2 exd4 13. Qxd4 Nf6 14. h3 Be6
15. Qh4 Nd7 16. Bg5 Qb6 17. Bxh6 Qxb2 18. Bh7+ Kh8 19. Bg6 1-0

[Event "Gibraltar Open"]
[Site "Caleta ENG"]
[Date "2012.01.26"]
[Round "3.84"]
[White "Al-Tamimi, Hamad"]
[Black "Becking, Franz Josef"]
[Result "1-0"]
[WhiteElo "2237"]
[BlackElo "1956"]
[WhiteFideId "12100285"]
[BlackFideId "4632540"]
[EventDate "2012.01.24"]

1. e4 d5 2. exd5 Qxd5 3. Nc3 Qa5 4. d4 c6 5. Bc4 Nf6 6. Bd2 Bf5 7. Nd5 Qd8 8.
Nxf6+ gxf6 9. Nf3 Nd7 10. Qe2 Nb6 11. Bb3 e6 12. c3 Bd6 13. Nh4 Bg6 14. f4 Qe7
15. f5 exf5 16. Qxe7+ Kxe7 17. O-O f4 18. Bxf4 Nd5 19. Rae1+ Kd7 20. Bxd5 Bxf4
21. Bxc6+ bxc6 22. Rxf4 Rae8 23. Rxe8 Rxe8 24. Nxg6 fxg6 25. Rxf6 Re2 26. Rf7+
Kd6 27. Rxh7 Rxb2 28. Rxa7 Rc2 29. Ra3 Kd5 30. Ra5+ Kd6 31. Rc5 Rxa2 32. h4 Rb2
33. Kh2 Rb5 34. Rxb5 cxb5 35. g4 1-0

[Event "Gibraltar Open"]
[Site "Caleta ENG"]
[Date "2012.01.26"]
[Round "3.85"]
[White "Lochte, Szilvia"]
[Black "Dunn, Andrew"]
[Result "1/2-1/2"]
[BlackTitle "CM"]
[WhiteElo "1956"]
[BlackElo "2233"]
[WhiteFideId "708410"]
[BlackFideId "401960"]
[EventDate "2012.01.24"]

1. d4 d5 2. Bf4 Nf6 3. e3 c5 4. c3 Nc6 5. Nf3 e6 6. Nbd2 Be7 7. Bd3 O-O 8. h3 b6
9. Ne5 Bb7 10. Qf3 Rc8 11. h4 Nxe5 12. dxe5 Nd7 13. Bxh7+ Kxh7 14. Qh5+ Kg8 15.
Nf3 f6 16. Ng5 fxg5 17. hxg5 Bxg5 18. Bxg5 Qc7 19. Qh7+ Kf7 20. Qh5+ Kg8 1/2-1/2

[Event "Gibraltar Open"]
[Site "Caleta ENG"]
[Date "2012.01.26"]
[Round "3.86"]
[White "Johnsen, Kjell Magne"]
[Black "Urbina Perez, Juan Antonio"]
[Result "0-1"]
[BlackTitle "CM"]
[WhiteElo "1950"]
[BlackElo "2210"]
[WhiteFideId "1505319"]
[BlackFideId "2217368"]
[EventDate "2012.01.24"]

1. d4 Nf6 2. c4 e6 3. Nf3 b6 4. g3 Ba6 5. Nbd2 Bb4 6. Qb3 c5 7. Bg2 Bb7 8. O-O
O-O 9. a3 Bxd2 10. Bxd2 Na6 11. Rfd1 d5 12. Bg5 h6 13. Bf4 Qc8 14. Rac1 dxc4 15.
Qxc4 Bd5 16. Qc3 Qb7 17. Ne1 Bxg2 18. Nxg2 Nd5 19. Qf3 Rac8 20. Ne3 Rfd8 21.
dxc5 Rxc5 22. b4 Rxc1 23. Rxc1 Qd7 24. Nxd5 Qxd5 25. Qxd5 exd5 26. Rc3 f6 27.
Kf1 g5 28. Bd2 Kf7 29. e3 Rd7 30. Ke2 Nc7 31. Bc1 Nb5 32. Rd3 Ke6 33. Bb2 Rc7
34. Kd1 Nd6 35. Rd2 Ne4 36. Re2 g4 37. Bd4 Rc4 38. Rb2 Ng5 39. a4 Nf3 40. Ke2
Nxd4+ 41. exd4 Rxd4 42. Ke3 Re4+ 43. Kd3 a5 44. bxa5 bxa5 45. Ra2 Ke5 46. Ra1
Rb4 47. Re1+ Kf5 48. Ra1 Rb2 49. Rc1 Rxf2 50. Rc5 Ke5 51. Rxa5 Rxh2 52. Ra8 Rg2 0-1

[Event "Gibraltar Open"]
[Site "Caleta ENG"]
[Date "2012.01.26"]
[Round "3.87"]
[White "Reppen, Ellisiv"]
[Black "Duport, Nicolas"]
[Result "0-1"]
[WhiteElo "1948"]
[BlackElo "2200"]
[WhiteFideId "1504959"]
[BlackFideId "1314424"]
[EventDate "2012.01.24"]

1. e4 e5 2. Nf3 Nc6 3. Bb5 Nf6 4. d3 Bc5 5. O-O Nd4 6. Nxd4 Bxd4 7. c3 Bb6 8.
Bg5 c6 9. Ba4 d6 10. Nd2 h6 11. Bh4 g5 12. Bg3 Bg4 13. Qc1 h5 14. h3 Be2 15. Re1
Bxd3 16. c4 h4 17. Bh2 g4 18. c5 Bxc5 19. Bxe5 g3 20. Kh1 gxf2 21. Rd1 Rh5 22.
Bxf6 Qxf6 23. e5 Rxe5 24. Qc3 Bg6 25. Nf3 Re6 26. Qxf6 Rxf6 27. b4 Bxb4 28. Nd4
d5 29. Rac1 Be1 30. Rxe1+ fxe1=Q+ 31. Rxe1+ Kf8 32. Nf3 Re8 33. Rc1 Re2 34. Bb3
Be4 0-1

[Event "Gibraltar Open"]
[Site "Caleta ENG"]
[Date "2012.01.26"]
[Round "3.89"]
[White "Kuehnast, Volker"]
[Black "De Graaf, Dick"]
[Result "0-1"]
[WhiteElo "1933"]
[BlackElo "2183"]
[WhiteFideId "24653756"]
[BlackFideId "1005677"]
[EventDate "2012.01.24"]

1. e4 d6 2. d4 Nf6 3. Nc3 g6 4. f4 Bg7 5. Nf3 O-O 6. Be3 c6 7. Be2 b5 8. a3 Bb7
9. O-O Qb6 10. Kh1 Nbd7 11. Bg1 Qc7 12. Qe1 e5 13. fxe5 dxe5 14. d5 a6 15. dxc6
Bxc6 16. Bd3 Qb7 17. Nd2 Nh5 18. Nd5 Bxd5 19. exd5 f5 20. c4 Rae8 21. cxb5 axb5
22. a4 Qxd5 23. Bxb5 Kh8 24. Rd1 Qb7 25. Nf3 Nhf6 26. Qh4 h6 27. Rd6 e4 28. Ng5
Ne5 29. Rxf6 Bxf6 30. Qxh6+ Kg8 31. Bxe8 Rxe8 32. Bd4 Qg7 33. Qxg7+ Kxg7 34. Nh3
Ng4 35. Bxf6+ Kxf6 36. Nf4 g5 37. Nd5+ Ke5 38. Nc3 e3 39. h3 Nf2+ 40. Kg1 f4 41.
Rb1 Rh8 42. Kf1 g4 43. hxg4 Ne4 44. Ke2 Rh2 45. Rg1 Nxc3+ 46. bxc3 Ke4 47. Ke1
Kd3 48. a5 f3 0-1

[Event "Gibraltar Open"]
[Site "Caleta ENG"]
[Date "2012.01.26"]
[Round "3.92"]
[White "Amos, Frank"]
[Black "Puroila, Sippo"]
[Result "1/2-1/2"]
[WhiteElo "2171"]
[BlackElo "1906"]
[WhiteFideId "4635442"]
[BlackFideId "504572"]
[EventDate "2012.01.24"]

1. e4 e5 2. Nc3 Nc6 3. Bc4 Nf6 4. d3 d6 5. f4 Be6 6. Bb5 a6 7. Ba4 b5 8. Bb3
Bxb3 9. axb3 Be7 10. Nf3 O-O 11. O-O exf4 12. Bxf4 b4 13. Nd5 Nxd5 14. exd5 Ne5
15. Nd4 Qd7 16. Qe1 Ng6 17. Bd2 Bf6 18. Rxf6 gxf6 19. Qg3 Rfe8 20. Rf1 Qe7 21.
Nf5 Qe5 22. Qh3 Kh8 23. Be3 Qxd5 24. Qh6 Rg8 25. Bd4 Qe6 26. Nxd6 Rg7 27. Rxf6
Qd5 28. Rf4 Ne5 29. Nxf7+ Kg8 30. Ng5 c5 31. Bxe5 Qxe5 32. Qe6+ Qxe6 33. Nxe6
Re7 34. Nxc5 Re2 35. Rc4 Rf8 36. h3 Rff2 37. Rg4+ Kf8 38. Nxa6 Rxc2 39. Nxb4
Rcd2 40. Nd5 Rxb2 41. b4 Rfd2 42. Nf4 Kf7 43. Kh2 Rxb4 44. Kg3 Rb3 45. h4 Rdxd3+
46. Nxd3 Rxd3+ 47. Kf4 Rd5 48. Rg5 Rd4+ 49. Kg3 Ra4 50. Kh3 Rb4 51. h5 Kf6 52.
Rg8 Ra4 53. g4 Kf7 54. Rg5 Kf6 55. Rf5+ Kg7 56. g5 Rb4 57. Rc5 Ra4 58. Kg3 Rb4
59. Rc7+ Kg8 60. Re7 Ra4 61. Re3 Kg7 62. Rf3 Rb4 63. Rf4 Rb3+ 64. Kg4 Rb5 65.
Re4 Ra5 66. Kf4 h6 1/2-1/2

[Event "Gibraltar Open"]
[Site "Caleta ENG"]
[Date "2012.01.26"]
[Round "3.93"]
[White "Daoudi, Kamal"]
[Black "Andersen, Daniel"]
[Result "1-0"]
[BlackTitle "FM"]
[WhiteElo "2165"]
[BlackElo "1884"]
[WhiteFideId "9001069"]
[BlackFideId "1402714"]
[EventDate "2012.01.24"]

1. e4 e6 2. d4 d5 3. e5 c5 4. c3 Nc6 5. Nf3 Bd7 6. a3 f6 7. Bd3 fxe5 8. dxe5 Qc7
9. Bf4 Nge7 10. O-O g6 11. Re1 Bg7 12. Nbd2 Rf8 13. Bg3 Nf5 14. c4 d4 15. Bf4
Nh4 16. g3 Nxf3+ 17. Nxf3 O-O-O 18. b4 b6 19. Rb1 g5 20. Bxg5 Rde8 21. bxc5 bxc5
22. Bxh7 Nxe5 23. Nxe5 Bxe5 24. Bg6 1-0

[Event "Gibraltar Open"]
[Site "Caleta ENG"]
[Date "2012.01.26"]
[Round "3.94"]
[White "Vinas Guerrero, Carlos A."]
[Black "Bernula, Istvan"]
[Result "1-0"]
[WhiteElo "2160"]
[BlackElo "1880"]
[WhiteFideId "2216868"]
[BlackFideId "745499"]
[EventDate "2012.01.24"]

1. e4 e5 2. Nf3 Nc6 3. Bc4 Bc5 4. O-O Nf6 5. d4 Bxd4 6. Nxd4 Nxd4 7. f4 Nc6 8.
Bxf7+ Kxf7 9. fxe5 Nxe5 10. Qd5+ Kf8 11. Qxe5 d6 12. Qd4 Qe7 13. Bg5 Qe5 14.
Qxe5 dxe5 15. Nc3 c6 16. Bxf6 gxf6 17. Rxf6+ Ke7 18. Rh6 Be6 19. Rf1 Bf7 20.
Rhf6 Bg6 21. R6f3 Rad8 22. Rd3 Rhf8 23. Rfd1 Rxd3 24. cxd3 b5 25. Rf1 Rd8 26.
Rf3 a5 27. Kf2 Kd6 28. Ke3 Ke6 29. Ne2 Rd7 30. g4 Rf7 31. Rxf7 Bxf7 32. a3 Kf6
33. h4 Be6 34. g5+ Kg6 35. d4 Kh5 36. dxe5 Kxh4 37. Nd4 Bd7 38. e6 Be8 39. Kf4
Kh5 40. Nf5 1-0

[Event "Gibraltar Open"]
[Site "Caleta ENG"]
[Date "2012.01.26"]
[Round "3.95"]
[White "Marley, Andrew S G"]
[Black "Lipecki, Alexander"]
[Result "1/2-1/2"]
[WhiteElo "1889"]
[BlackElo "2159"]
[WhiteFideId "416975"]
[BlackFideId "1303511"]
[EventDate "2012.01.24"]

1. d4 Nf6 2. Nf3 e6 3. c4 c5 4. d5 exd5 5. cxd5 Bd6 6. Nc3 O-O 7. g3 Re8 8. Bg2
Bc7 9. O-O d6 10. Bf4 Bd7 11. a4 Na6 12. Ng5 Nb4 13. Nge4 Nxe4 14. Bxe4 a6 15.
Qb1 h6 16. Bh7+ Kh8 17. Bd3 Rb8 18. Bf5 b6 19. g4 g6 20. Bxd7 Qxd7 21. f3 Kg7
22. Rd1 Rh8 23. b3 Bd8 24. Ne4 Bf6 25. Bxd6 Rbe8 26. Nxf6 Qxd6 27. Nxe8+ Rxe8
28. Qb2+ f6 29. Qd2 Re7 30. Rac1 Re5 31. e4 h5 32. gxh5 Rxh5 33. Qf2 Qf4 34. Rc3
Qe5 35. Re3 Qd6 36. f4 Nc6 37. Red3 Nd4 38. b4 Qd7 39. Kh1 Qxa4 40. bxc5 bxc5
41. d6 Ne6 42. Qe3 Rh8 43. Rb3 Nd8 44. Rdb1 Rh5 45. Rb8 Qc2 46. h3 a5 47. e5
fxe5 48. fxe5 Qf5 49. Kh2 Qc2+ 50. Kg1 Qf5 51. Kh2 1/2-1/2

[Event "Gibraltar Open"]
[Site "Caleta ENG"]
[Date "2012.01.26"]
[Round "3.96"]
[White "Conflitti, Alessandro"]
[Black "Schmidt, Ralf"]
[Result "0-1"]
[WhiteElo "1792"]
[BlackElo "2156"]
[WhiteFideId "843563"]
[BlackFideId "4640950"]
[EventDate "2012.01.24"]

1. e4 e6 2. b3 d5 3. Bb2 Nf6 4. exd5 exd5 5. d4 Be7 6. Nf3 O-O 7. Bd3 Bg4 8. O-O
c5 9. Be2 Nc6 10. Nbd2 Re8 11. c4 cxd4 12. Nxd4 Bxe2 13. Nxe2 d4 14. Nf3 d3 15.
Nf4 Nb4 16. Ne5 d2 17. Ng4 Nxg4 18. Qxg4 Bf6 19. Bxf6 Qxf6 20. Rad1 Re4 21. g3
Qd4 22. Qf3 Rae8 23. a3 Nc2 24. Nd5 Re1 25. Ne3 Qc3 26. Qxb7 Nxe3 27. fxe3 Qxe3+
28. Kh1 Rxd1 29. Qxf7+ Kh8 30. Rxd1 Qe2 31. Rxd2 Qe1+ 32. Kg2 Qxd2+ 0-1

[Event "Gibraltar Open"]
[Site "Caleta ENG"]
[Date "2012.01.26"]
[Round "3.98"]
[White "Choukri, Adel"]
[Black "Kuenitz, Klaus"]
[Result "1-0"]
[WhiteElo "2115"]
[BlackElo "1686"]
[WhiteFideId "9000399"]
[BlackFideId "4640713"]
[EventDate "2012.01.24"]

1. d4 f5 2. e4 fxe4 3. f3 exf3 4. Nxf3 Nf6 5. Bd3 d6 6. O-O Bg4 7. Qe1 Bxf3 8.
Rxf3 c6 9. Bg5 Nbd7 10. Na3 Qb6 11. Nc4 Qxd4+ 12. Be3 Qd5 13. Rd1 O-O-O 14. Bxa7
Ng4 15. Nb6+ Nxb6 16. Bf5+ 1-0

[Event "Gibraltar Open"]
[Site "Caleta ENG"]
[Date "2012.01.26"]
[Round "3.99"]
[White "Yurenok, Maria S"]
[Black "Candano Gonzalez, Alvaro"]
[Result "0-1"]
[WhiteTitle "WFM"]
[WhiteElo "2109"]
[BlackElo "1647"]
[WhiteFideId "409359"]
[BlackFideId "22232796"]
[EventDate "2012.01.24"]

1. d4 Nf6 2. c4 c5 3. d5 b5 4. cxb5 a6 5. b6 e6 6. Nc3 Nxd5 7. Nxd5 exd5 8. Qxd5
Nc6 9. e3 Rb8 10. Nf3 Rxb6 11. Bc4 Qf6 12. O-O Be7 13. e4 O-O 14. e5 Qg6 15. a3
Nd4 16. Nxd4 Bb7 17. Bd3 Qxd3 18. Qxd7 Qe4 19. Nf3 Rg6 20. Qh3 Bc8 21. Qh5 Bg4
22. Qxg6 Qxg6 23. Kh1 Bxf3 24. gxf3 Qd3 25. Kg2 Qg6+ 26. Kh1 Qh5 27. f4 Qf3+ 28.
Kg1 h5 29. Re1 Rd8 30. Be3 h4 31. Rac1 h3 32. Kf1 Rb8 33. Rc2 Qh1+ 34. Ke2 Qxh2
35. Kd1 Qg2 36. f3 Qxf3+ 37. Kc1 Bh4 38. Ree2 h2 39. Rxh2 Qxe3+ 40. Kb1 Qxf4 41.
Rhe2 Qf5 42. Ka2 Bg3 43. Rxc5 Qe6+ 44. Kb1 Qb3 45. Rec2 Qd3 46. Ka2 Bxe5 47. b4
a5 48. a4 Rxb4 49. Rc8+ Kh7 50. Rh8+ Kxh8 51. Rc8+ Kh7 52. Rh8+ Kg6 53. Rh6+ Kf5
54. Rf6+ Ke4 55. Rf4+ Bxf4 0-1

[Event "Gibraltar Open"]
[Site "Caleta ENG"]
[Date "2012.01.26"]
[Round "3.102"]
[White "Aloma Vidal, Robert"]
[Black "Tavares, Shawn P"]
[Result "1-0"]
[WhiteTitle "IM"]
[WhiteElo "2431"]
[BlackElo "2218"]
[WhiteFideId "2260409"]
[BlackFideId "7700016"]
[EventDate "2012.01.24"]

1. d4 e6 2. Nf3 Nf6 3. e3 c5 4. Bd3 b6 5. c4 Nc6 6. Nc3 Be7 7. d5 Nb4 8. Be2 d6
9. O-O exd5 10. cxd5 O-O 11. e4 Na6 12. h3 Nc7 13. Re1 a6 14. a4 Bb7 15. Bf4 Nh5
16. Bh2 g6 17. Rb1 Bf6 18. Nd2 Ng7 19. Nc4 Nce8 20. Qd2 Bd4 21. b4 b5 22. bxc5
Qf6 23. Nd1 Bxd5 24. Nxd6 Nxd6 25. Bxd6 Bxe4 26. Rb4 Nf5 27. Bxf8 Rxf8 28. Bg4
Rd8 29. Rxe4 Bc3 30. Re8+ Rxe8 31. Qxc3 Qd8 32. axb5 h5 33. Bf3 axb5 34. Ne3 Nh4
35. Bc6 Re6 36. Bd5 Rxe3 37. Qxe3 Qxd5 38. Rxh4 1-0

[Event "Gibraltar Open"]
[Site "Caleta ENG"]
[Date "2012.01.26"]
[Round "3.104"]
[White "Adnani, Mokhlis"]
[Black "Vanparys, Philip"]
[Result "1/2-1/2"]
[WhiteElo "2386"]
[BlackElo "2174"]
[WhiteFideId "9000100"]
[BlackFideId "202975"]
[EventDate "2012.01.24"]

1. c4 d6 2. Nc3 e5 3. Nf3 Nc6 4. d4 Bg4 5. d5 Bxf3 6. exf3 Nb8 7. f4 exf4 8.
Bxf4 g6 9. Qd4 Qf6 10. Qe3+ Qe7 11. Ne4 Nd7 12. c5 f5 13. Ng5 Qxe3+ 14. Bxe3
dxc5 15. Ne6 Bd6 16. Bb5 Nf6 17. Bxc5 Nxd5 18. O-O-O Bxc5 19. Nxc5 c6 20. Rhe1+
Kd8 21. Nxd7 Kxd7 22. Rxd5+ Kc7 23. Re7+ Kb6 24. Rdd7 cxb5 25. Rxb7+ Ka6 26. b4
Rhe8 27. Rxh7 Rac8+ 28. Kd2 Red8+ 29. Rbd7 Kb6 30. a3 a5 31. Rg7 axb4 32. axb4
Rxd7+ 33. Rxd7 Rc6 34. g3 Re6 35. h4 Kc6 36. Rf7 Kd5 37. Kd3 Re4 38. h5 Rxb4 39.
hxg6 Ke6 40. Rb7 Kf6 41. g7 Rg4 42. Ke3 Rxg7 43. Rb6+ Kg5 44. Kf3 Rc7 45. Rxb5
Rc3+ 46. Kg2 Rc2 47. Re5 Kf6 48. Re8 Kf7 49. Re3 Kf6 50. Kf1 Kg5 51. Re2 Rc5 52.
Kg2 f4 53. Re8 fxg3 54. Kxg3 Ra5 55. Rb8 Ra3+ 56. f3 Ra5 57. f4+ Kf5 58. Rf8+
Kg6 59. Rg8+ Kf6 60. Rh8 Kg6 61. Kg4 Ra1 62. f5+ Kg7 63. Rh3 Rg1+ 64. Kf4 Rf1+
65. Kg4 Rg1+ 66. Rg3 Rxg3+ 67. Kxg3 Kf6 68. Kf4 Kf7 69. Ke5 Ke7 70. f6+ Kf7 71.
Kf5 Kf8 72. Kg6 Kg8 73. f7+ Kf8 74. Kf6 1/2-1/2

[Event "Gibraltar Open"]
[Site "Caleta ENG"]
[Date "2012.01.26"]
[Round "3.105"]
[White "Marano, Salvatore"]
[Black "Gislason, Gudmundur"]
[Result "0-1"]
[WhiteElo "1967"]
[BlackElo "2332"]
[WhiteFideId "814962"]
[BlackFideId "2300559"]
[EventDate "2012.01.24"]

1. e4 c5 2. Nf3 e6 3. c3 Nf6 4. d3 d5 5. e5 Nfd7 6. Bf4 Nc6 7. g3 Be7 8. h4 Qb6
9. Qe2 f6 10. exf6 gxf6 11. Bg2 Nf8 12. O-O Rg8 13. a3 e5 14. Bc1 Bg4 15. Qc2
Bf5 16. c4 dxc4 17. Qxc4 Rg4 18. Qc3 Rd8 19. Be3 Rxd3 20. Qc1 Ne6 21. b4 Ncd4
22. Ra2 c4 23. Kh2 Qc7 24. Nc3 Nb3 25. Qe1 e4 26. Nb5 Qd7 27. Nxa7 exf3 28. Bxf3
Nbd4 29. Bg2 Qc7 30. Kh1 b6 31. Bd5 Qxa7 32. f3 Qd7 33. fxg4 Qxd5+ 34. Kh2 Bxg4
35. Raf2 Nf3+ 36. Rxf3 Bxf3 37. Qf2 c3 38. Kg1 Rd1 0-1

[Event "Gibraltar Open"]
[Site "Caleta ENG"]
[Date "2012.01.26"]
[Round "3.108"]
[White "Borosova, Zuzana"]
[Black "Jablon, Stephen"]
[Result "1-0"]
[WhiteTitle "WGM"]
[WhiteElo "2284"]
[BlackElo "1931"]
[WhiteFideId "14905779"]
[BlackFideId "2019833"]
[EventDate "2012.01.24"]

1. e4 e5 2. Bc4 Nf6 3. d3 Bc5 4. Nf3 Nc6 5. c3 O-O 6. Bb3 d5 7. exd5 Nxd5 8. O-O
f6 9. Re1 Kh8 10. Qe2 Bf5 11. d4 exd4 12. Qc4 dxc3 13. Qxc5 cxb2 14. Bxb2 Bxb1
15. Bxd5 Bg6 16. Rad1 Qd7 17. Nh4 Bf7 18. Bf3 Rfe8 19. Rxe8+ Rxe8 20. g3 Qe7 21.
Qxe7 Nxe7 22. Rd7 Bxa2 23. Rxc7 a5 24. Rxb7 a4 25. Rb4 Bb3 26. Re4 Kg8 27. Nf5
Kf8 28. Ba3 g6 29. Nxe7 Bc2 30. Nxg6+ 1-0